Tell me your dreams / (Record no. 12694)
[ view plain ]
| 000 -LEADER | |
|---|---|
| fixed length control field | 00745nam a2200265 a 4500 |
| 001 - CONTROL NUMBER | |
| control field | 12694 |
| 003 - CONTROL NUMBER IDENTIFIER | |
| control field | BDJhCC |
| 005 - DATE AND TIME OF LATEST TRANSACTION | |
| control field | 20230508094035.0 |
| 008 - FIXED-LENGTH DATA ELEMENTS--GENERAL INFORMATION | |
| fixed length control field | 230508r20211998enk 000 1 eng d |
| 015 ## - NATIONAL BIBLIOGRAPHY NUMBER | |
| National bibliography number | GB 98-V2863 |
| 020 ## - INTERNATIONAL STANDARD BOOK NUMBER | |
| International Standard Book Number | 9788172234904 |
| 035 ## - SYSTEM CONTROL NUMBER | |
| System control number | (BDJhCC)12694 |
| 040 ## - CATALOGING SOURCE | |
| Original cataloging agency | BDS |
| Transcribing agency | BDJhCC |
| Modifying agency | BDJhCC |
| 041 ## - LANGUAGE CODE | |
| Language code of text/sound track or separate title | English |
| 082 0# - DEWEY DECIMAL CLASSIFICATION NUMBER | |
| Classification number | 813.54 |
| Edition number | 21 |
| Item number | SHE 2021 |
| 100 1# - MAIN ENTRY--PERSONAL NAME | |
| Personal name | Sheldon, Sidney. |
| 245 10 - TITLE STATEMENT | |
| Title | Tell me your dreams / |
| Statement of responsibility, etc. | Sidney Sheldon. |
| 260 ## - PUBLICATION, DISTRIBUTION, ETC. | |
| Place of publication, distribution, etc. | London : |
| Name of publisher, distributor, etc. | HarperCollins, |
| Date of publication, distribution, etc. | 2021. |
| 300 ## - PHYSICAL DESCRIPTION | |
| Extent | 341 p. ; |
| Dimensions | 18 cm. |
| 500 ## - GENERAL NOTE | |
| General note | Originally published: 1998. |
| 504 ## - BIBLIOGRAPHY, ETC. NOTE | |
| Bibliography, etc. note | Includes bibliography. |
| 650 #0 - SUBJECT ADDED ENTRY--TOPICAL TERM | |
| Topical term or geographic name entry element | Multiple personality |
| Form subdivision | Fiction . |
| 942 ## - ADDED ENTRY ELEMENTS (KOHA) | |
| Source of classification or shelving scheme | Dewey Decimal Classification |
| Koha item type | Books |
| Withdrawn status | Lost status | Source of classification or shelving scheme | Damaged status | Not for loan | Home library | Current library | Shelving location | Date acquired | Cost, normal purchase price | Total Checkouts | Full call number | Barcode | Date last seen | Date last checked out | Copy number | Price effective from | Koha item type |
|---|---|---|---|---|---|---|---|---|---|---|---|---|---|---|---|---|---|
| Dewey Decimal Classification | JCC Rouf Library | JCC Rouf Library | General Stacks | 05/08/2023 | 400.00 | 19 | 813.54 SHE 2021 | 17668 | 02/08/2026 | 01/14/2026 | C-1 | 05/08/2023 | Books |